Customer service : a practical approach /
| Main Author: | |
|---|---|
| Format: | Book |
| Published: |
Upper Saddle River, New Jersey:
Prentice Hall,
2000.
|
| Subjects: |
| LEADER | 00451cam a2200157 7i4500 | ||
|---|---|---|---|
| 001 | 0000016586 | ||
| 005 | 20151104090000.0 | ||
| 005 | ##20151104120200.0 | ||
| 003 | ##MY-KlINT | ||
| 020 | # | # | |a 0130826650 |
| 039 | # | 9 | |y 201511041202 |z VLOAD |
| 090 | 0 | 0 | |a 658.812 |b HAR |
| 100 | 1 | # | |a Harris, Elaine K. |
| 245 | 1 | 0 | |a Customer service : |b a practical approach / |c by Elaine K. Harris. |
| 260 | # | # | |a Upper Saddle River, New Jersey: |b Prentice Hall, |c 2000. |
| 650 | # | 0 | |a Customer services |